000 01245nam a2200349 a 4500
003 BLK
005 20230630163758.0
008 180412b bul|||||r ||||||| ||bul||
010 _aKNG00001176000
020 _a954-439-211-4
040 _aBLK
041 _aBUL
_cBUL
080 _aАмериканска литература (на САЩ)
_b821.111(73)
_x-31
_z821.111(73)-31
100 1 _aДъглас, Гейл
_eпърви автор
_9242834
139 _aДъглас, Гейл
_bД 95
245 1 0 _aКейси
_b[Роман]
_cГейл Дъглас; прев. Йордан Иванов.
257 _aUSA
260 _aВ. Търново
_bСлово
_c1994
300 _a112 с.
_c20 см
380 _aX
490 _aЛюбовни романи : С имена на жени
_vN 19
500 _aОриг. загл. After Hours / Gail Douglas. - 24 000 тир.
653 _aромантична проза
700 1 _aИванов, Йордан
_eпрев.
_gНиколов, Йордан Иванов
_9242835
852 _aЦб 176731
_bЦб
856 4 _qpdf
_u
856 4 _qpdf
_u
942 _cKNG
_n0
944 _aCR
_c01.04.2003
_kЛюдмила_Стоянова
944 _aED
_c22.10.2009
999 _c673
_d673
999 _d673